| 000 | 00557nam a2200133Ia 4500 | ||
|---|---|---|---|
| 008 | 171207s9999 xx 000 0 und d | ||
| 100 | _aAdmiraal, Wilfried | ||
| 245 | _aLinking theory and practice: teacher research in history and geography classrooms | ||
| 245 | _cWilfried Admiraal, Maartje Buijs, Wout Claessens, Terence Honing & Jan Karkdijk | ||
| 260 | _c2017 | ||
| 300 | _apages 316-331, 2017 | ||
| 440 |
_aEducational Action Research _v25:2 |
||
| 650 | _aTeacher research, classroom research, theory–practice relationship, participatory research | ||
| 999 |
_c347526 _d347526 |
||